Archaeology in the U.S.S.R / (Record no. 645)
[ view plain ]
| 000 -LEADER | |
|---|---|
| fixed length control field | 00380cam a2200145ua 4500 |
| 041 ## - LANGUAGE CODE | |
| Language code of text/sound track or separate title | eng |
| 082 ## - DEWEY DECIMAL CLASSIFICATION NUMBER | |
| Classification number | 951 |
| Item number | MON/AR |
| 100 ## - MAIN ENTRY--AUTHOR NAME | |
| Personal name | Mongait, Alexander. |
| 245 ## - TITLE STATEMENT | |
| Title | Archaeology in the U.S.S.R / |
| 260 ## - PUBLICATION, DISTRIBUTION, ETC. (IMPRINT) | |
| Place of publication | Moscow : |
| Name of publisher | Foreign language publishing house , |
| Year of publication | 1959. |
| 300 ## - PHYSICAL DESCRIPTION | |
| Number of Pages | 429 ; . |
| 942 ## - ADDED ENTRY ELEMENTS (KOHA) | |
| Koha item type | Books |
| Withdrawn status | Lost status | Damaged status | Home library | Current library | Date acquired | Full call number | Accession Number | Koha item type |
|---|---|---|---|---|---|---|---|---|
| Withdrawn | KAUAET | Sanskrit University | 07/04/2012 | 951 | 3656 | Books |
